La Situación estratégica de América Latinas. Estados Unidos y la Seguridad Regional /

Guardado en:
書目詳細資料
Autores Corporativos: Centro Latinoamericano de Defensa y Desarme, Progrma de Estudios Conjuntos de Relaciones Internacionales de América Latina
格式: Texto
出版: Santiago: CESOC
標簽: 添加標簽
沒有標簽, 成為第一個標記此記錄!

MARC

LEADER 00000 a a2200000 04500
001 25471
003
040
020 |a 956-211-022-1  
090 |a 151703  
110 |a Centro Latinoamericano de Defensa y Desarme  
245 |a La Situación estratégica de América Latinas. Estados Unidos y la Seguridad Regional /  |c Centro Latinoamericano de Defensa y Desarme  
260 |a Santiago:   |b CESOC  
300 |a 350 p  
710 |a Progrma de Estudios Conjuntos de Relaciones Internacionales de América Latina  
999 |c 10459  |d 10459